00978nam a2200265Ia 450000500170000000800410001702000150005810000300007324501140010325000380021730000420025549000190029753400190031665000560033565000560039165000390044770000300048670000350051626400270055133600270057833700330060533800280063804000350066608400110070120220317000740.0160601s2005 ck a g 000 0 spa  a95804859841 aSharmat, Marjorie Weinman10aYo, el gran Fercho cMarjorie Weinmam Sharmat ; traducción María Paz Amaya ; ilustraciones de Marc Simont a1a. edición b5a.reimpresión  a58 páginas bilustraciones c19 cm  aTorre de papel tNate the great142LEMBaCuentos infantiles estadounidenses ySiglo XX142LEMBaLiteratura infantil estadounidense ySiglo XX142LEMBaDetectives en la literatura 1 aSimont, Marceilustrador 1 aAmaya, María Pazetraductor  aBogotá bNormac2005 atextobtxt2rdacontent asin mediaciónbn2rdamedia avolumenbnc2rdacarrier aCO-BoRNBPbspaerdacCO-BoRNBP aC SHA3